| 000 | 00778cam a22002777a 4500 | ||
|---|---|---|---|
| 001 | 2046182 | ||
| 003 | NUST | ||
| 005 | 20251218094343.0 | ||
| 008 | 921217s1992 bl a 000 0 por | ||
| 010 | _a 92833999 | ||
| 020 | _a9780007214693 | ||
| 038 | _aArshad | ||
| 040 |
_aDLC _cDLC _dDLC |
||
| 050 | 0 | 0 |
_aBF1999 _b.C6737 1992 |
| 082 |
_a823 _bCOE |
||
| 100 | 1 |
_aCoelho, Paulo. _93636 |
|
| 245 | 1 | 3 |
_aThe valkyries / _cPaulo Coelho. |
| 260 |
_aRio de Janeiro : _bRocco, _c1992. |
||
| 300 |
_a239 p. : _bill. ; _c21 cm. |
||
| 600 | 1 | 0 |
_aCoelho, Paulo. _93636 |
| 650 | 0 |
_aOccultism. _910113 |
|
| 650 | 0 |
_aAngels _xMiscellanea. _910114 |
|
| 906 |
_a7 _bcbc _corignew _du _encip _f19 _gy-gencatlg |
||
| 942 |
_2ddc _cBK |
||
| 999 |
_c356253 _d356253 |
||